A real time dynamic data acquisition and processing system for velocity, density, and total temperature fluctuation measurements /

Bibliographic Details
Main Author: Clukey, Steven J.
Corporate Author: Langley Research Center
Format: Government Document Book
Language:English
Published: Hampton, Va. : National Aeronautics and Space Administration, Langley Research Center ; [1991]
Series:NASA contractor report ; NASA CR-182069.
Subjects:
Online Access:https://purl.fdlp.gov/GPO/LPS64947

MARC

Tag First Indicator Second Indicator Subfields
LEADER 00000cam a22000007a 4500
001 in00002111513
005 20211202203704.0
008 051104s1991 vau b f000 0 eng d
035 |a (OCoLC)ocm62217956 
037 |a N 91-18094  |b NASA 
040 |a GPO  |c GPO  |d DLC  |d MvI  |d UtOrBLW 
049 |a UMIC 
049 |a WWW 
074 |a 0830-H-14 (MF) 
074 |a 0830-H-14 (online) 
086 0 |a NAS 1.26:182069 
100 1 |a Clukey, Steven J. 
245 1 2 |a A real time dynamic data acquisition and processing system for velocity, density, and total temperature fluctuation measurements /  |c Steven J. Clukey. 
264 1 |a Hampton, Va. :  |b National Aeronautics and Space Administration, Langley Research Center ;  |c [1991] 
264 2 |a [Springfield Va.] :  |b [For sale by the National Technical Information Service], 
300 |a 1 volume 
336 |a text  |b txt  |2 rdacontent 
337 |a microform  |b h  |2 rdamedia 
338 |a microfiche  |b he  |2 rdacarrier 
490 1 |a NASA contractor report ;  |v 182069 
530 |a Also available via Internet from the NASA Technical Report Server web site. Address as of 11/3/05: http://ntrs.nasa.gov/archive/nasa/casi.ntrs.nasa.gov/19910008781%5F1991008781.pdf ; current access is available via PURL. 
533 |a Microfiche.  |b [Washington, D.C. :  |c National Aeronautics and Space Administration],  |d 1991.  |e 3 microfiches. 
500 |a Microform. 
650 7 |a Data acquisition.  |2 nasat 
650 7 |a Data processing.  |2 nasat 
650 7 |a Density measurement.  |2 nasat 
650 7 |a Real time operation.  |2 nasat 
650 7 |a Temperature measurement.  |2 nasat 
650 7 |a Velocity measurement.  |2 nasat 
710 2 |a Langley Research Center. 
830 0 |a NASA contractor report ;  |v NASA CR-182069. 
856 4 1 |u https://purl.fdlp.gov/GPO/LPS64947  |t 0 
999 |a MARS 
999 f f |s c0ba9e98-3fd4-3407-971a-872b9dcec5ed  |i 6b1fa19d-060b-3934-a3fd-6220867ff63e  |t 0 
952 f f |a Texas A&M University  |b College Station  |c Electronic Resources  |d Available Online  |t 0  |e NAS 1.26:182069  |h Superintendent of Documents classification 
998 f f |a NAS 1.26:182069  |t 0  |l Available Online